00653nam a2200205Ia 450000500170000000800410001702000180005804000180007604100080009408200210010210000210012324501030014425000120024726000490025930000250030865000360033365000370036970000210040670000200042720220618120742.0210716s2008 xx 000 0 und d a9788120320970 cAIMIT LIBRARY aeng a005.73 22bKRUR aKruse, Robert L. aData structures and program design In c /cBy Robert L. Kruse, Clovis L. Tondo and Bruce P. Leung. a2nd ed. aNew Delhi :bPHI Learning Pvt Ltd. ,c2008 . axvi, 671p. ;c24 cm. aProgram analysis and comparison aTables and information retrieval aTondo, Clovis L. aLeung, Bruse P.